00423nam a22001697a 4500003000700000005001700007008004100024020001800065082002000083100002000103245002500123250001100148260004600159300000800205490002300213650001700236MPLRDC20220104160612.0210129b ||||| |||| 00| 0 eng d a7-5602-1927-6 a859.6 WGZM v.02 a孙启林主编 a动物们的节目c a初版 a中国b东北师范大学出版社c1997 b精 a外国著名童话 a动物故事